000 00457cam a2200181ua 4500
020 _c12.00
041 _ahin
_h
082 _a891.54
_bVIS/KA
100 _aVishwashwar, Sidhant siromani .
245 _aKavyalankar sutravriti /
_cSidhant shiromani Vishwashwar.
_hTextual Documents
250 _a1 /
_b.
260 _a :
_bAtmaram and Sons ,
_c1954.
300 _a366 ; .
365 _a12.00
504 _a
942 _cBK
999 _c4075
_d4075